000 00690nam a2200205Ia 4500
003 GCL
008 140319s9999 xx 000 0 ara d
040 _aGCL /
_cGCL
082 0 4 _a953.074
_bا ت
100 1 _aايمن فؤاد سيد
245 1 0 _aتاريخ المذاهب الدينية فى بلاد اليمن حتى نهاية القرن السادس الهجرى /
_cايمن فؤاد سيد
260 _aالقاهرة :
_bالدار المصرية اللبنانية ،
_c1988
300 _a314 ص
490 _a
650 0 4 _aتاريخ
650 0 4 _aاليمن
650 0 4 _aالعالم الاسلامى
650 0 4 _aالمذاهب الدينية
942 _2ddc
_cBK
999 _c29508
_d29508